<?xml version="1.0" encoding="UTF-8"?>
<record
    xmlns:xsi="http://www.w3.org/2001/XMLSchema-instance"
    xsi:schemaLocation="http://www.loc.gov/MARC21/slim http://www.loc.gov/standards/marcxml/schema/MARC21slim.xsd"
    xmlns="http://www.loc.gov/MARC21/slim">

  <leader>01483cam a2200289 a 4500</leader>
  <controlfield tag="001">000019630</controlfield>
  <controlfield tag="005">20200929170101.0</controlfield>
  <controlfield tag="008">500101s1969    sp            000 0 spa d</controlfield>
  <datafield tag="040" ind1=" " ind2=" ">
    <subfield code="a">DO-SdBNP</subfield>
    <subfield code="d">EQO</subfield>
    <subfield code="d">BNPHU</subfield>
  </datafield>
  <datafield tag="082" ind1=" " ind2=" ">
    <subfield code="a">918.92</subfield>
    <subfield code="b">A992v</subfield>
  </datafield>
  <datafield tag="100" ind1="1" ind2=" ">
    <subfield code="a">Azara, F&#xE9;lix de,</subfield>
    <subfield code="d">1746-1821</subfield>
    <subfield code="9">42068</subfield>
  </datafield>
  <datafield tag="245" ind1="1" ind2="0">
    <subfield code="a">Viajes por la Am&#xE9;rica Meridional /</subfield>
    <subfield code="c">F&#xE9;lix de Azara ; traducida del franc&#xE9;s por Francisco de las Barras de Arag&#xF3;n.</subfield>
  </datafield>
  <datafield tag="260" ind1=" " ind2=" ">
    <subfield code="a">Madrid :</subfield>
    <subfield code="b">Espasa-Calpe,</subfield>
    <subfield code="c">1969.</subfield>
  </datafield>
  <datafield tag="300" ind1=" " ind2=" ">
    <subfield code="a">326 p. ;</subfield>
    <subfield code="c">20 cm.</subfield>
  </datafield>
  <datafield tag="490" ind1="1" ind2=" ">
    <subfield code="a">Austral. Marr&#xF3;n: ciencia y t&#xE9;cnica. Cl&#xE1;sicos de la ciencia</subfield>
    <subfield code="v">1402</subfield>
  </datafield>
  <datafield tag="505" ind1="0" ind2=" ">
    <subfield code="a">Contienen la descripci&#xF3;n geogr&#xE1;fica, pol&#xED;tica y civil del Paraguay y del R&#xED;o de la Plata; la historia del descubrimiento y conquista de estas regiones; detalles numerosos sobre su historia natural y sobre los pueblos salvajes que las habitan; el relato de los medios empleados por los Jesuitas para someter y civilizar a los ind&#xED;genas, etc.</subfield>
  </datafield>
  <datafield tag="500" ind1=" " ind2=" ">
    <subfield code="a">Incluye &#xED;ndice de autores.</subfield>
  </datafield>
  <datafield tag="650" ind1=" " ind2="4">
    <subfield code="a">Historia natural</subfield>
    <subfield code="z">Paraguay</subfield>
    <subfield code="9">42069</subfield>
  </datafield>
  <datafield tag="651" ind1=" " ind2="4">
    <subfield code="a">R&#xED;o De La Plata (Virreinato{Rpara}</subfield>
    <subfield code="9">42070</subfield>
  </datafield>
  <datafield tag="650" ind1=" " ind2="4">
    <subfield code="a">Ind&#xED;genas de paraguay</subfield>
    <subfield code="9">42071</subfield>
  </datafield>
  <datafield tag="651" ind1=" " ind2="4">
    <subfield code="a">Paraguay</subfield>
    <subfield code="x">Descripciones Y Viajes</subfield>
    <subfield code="9">42072</subfield>
  </datafield>
  <datafield tag="651" ind1=" " ind2="4">
    <subfield code="a">Am&#xE9;rica</subfield>
    <subfield code="x">Descripciones Y Viajes</subfield>
    <subfield code="9">867</subfield>
  </datafield>
  <datafield tag="700" ind1="1" ind2=" ">
    <subfield code="a">Barras de Arag&#xF3;n, Francisco de Las,</subfield>
    <subfield code="d">1868-1955,</subfield>
    <subfield code="e">tr.</subfield>
    <subfield code="9">42073</subfield>
  </datafield>
  <datafield tag="830" ind1=" " ind2="0">
    <subfield code="a">Austral. Marr&#xF3;n: ciencia y t&#xE9;cnica. Cl&#xE1;sicos de la ciencia ;</subfield>
    <subfield code="v">1402</subfield>
    <subfield code="9">42074</subfield>
  </datafield>
  <datafield tag="910" ind1=" " ind2=" ">
    <subfield code="a">Catalogaci&#xF3;n derivada /Oxford</subfield>
  </datafield>
  <datafield tag="910" ind1=" " ind2=" ">
    <subfield code="a">WM</subfield>
  </datafield>
  <datafield tag="952" ind1=" " ind2=" ">
    <subfield code="0">0</subfield>
    <subfield code="1">0</subfield>
    <subfield code="5">4</subfield>
    <subfield code="7">0</subfield>
    <subfield code="8">MO</subfield>
    <subfield code="a">GR</subfield>
    <subfield code="b">GR</subfield>
    <subfield code="c">HD</subfield>
    <subfield code="d">2010-07-01</subfield>
    <subfield code="i">LF1</subfield>
    <subfield code="l">0</subfield>
    <subfield code="o">918.92 A992v</subfield>
    <subfield code="p">19630-10</subfield>
    <subfield code="r">2020-06-25</subfield>
    <subfield code="w">2020-06-25</subfield>
    <subfield code="y">4</subfield>
    <subfield code="Z">Pr&#xE9;stamo en sala</subfield>
  </datafield>
  <datafield tag="999" ind1=" " ind2=" ">
    <subfield code="c">19146</subfield>
    <subfield code="d">19146</subfield>
  </datafield>
</record>
